[Event "V Floripa Chess Open 2019"]
[Site "Florianopolis/SC"]
[Date "2019.01.24"]
[Round "6.115"]
[White "Da Rocha, Lucas Sampaio"]
[Black "Boabaid, Jorge Alberto Duard"]
[Result "1-0"]
[WhiteElo "1619"]
[BlackElo "1868"]
[PlyCount "125"]
[EventDate "2019.01.21"]
[EventRounds "10"]
[EventCountry "BRA"]

1. e4 e5 2. Nf3 Nc6 3. Bc4 Bc5 4. c3 Nf6 5. d3 d6 6. O-O O-O 7. a4 a6 8. b4 Ba7 9. h3 Ne7 10. Re1 Ng6 11. Nbd2 Nf4 12. Nf1 N6h5 13. Be3 Qf6 14. Kh2 Qg6 15. Ng3 Nxg2 16. Kxg2 Nf4+ 17. Bxf4 exf4 18. Nh4 Qf6 19. Ngf5 g6 20. d4 gxf5 21. Nxf5 Bxf5 22. exf5 Qxf5 23. Qg4+ Qxg4+ 24. hxg4 Rae8 25. Kf3 c6 26. Kxf4 d5 27. Bd3 Bb8+ 28. Kf3 Kg7 29. Bf5 Bd6 30. Rh1 Rh8 31. a5 h6 32. Rae1 Rxe1 33. Rxe1 Kf6 34. Rh1 h5 35. Ke3 Kg5 36. Bd7 Bf4+ 37. Kd3 h4 38. Rh3 Rd8 39. Bf5 Re8 40. Rh1 Rh8 41. Rh3 f6 42. Kc2 Bd6 43. Kd2 Re8 44. Kd1 Be7 45. f4+ Kxf4 46. Rxh4 Bd6 47. Rh7 Rb8 48. Rf7 Kg5 49. Kc2 Bg3 50. Re7 Bd6 51. Rd7 Bg3 52. Kb3 Be1 53. c4 dxc4+ 54. Kxc4 b6 55. Re7 Bg3 56. Ra7 bxa5 57. bxa5 Bd6 58. Rxa6 Bc7 59. Kc5 Rd8 60. Kxc6 Bxa5 61. Rxa5 Rxd4 62. Rd5 Ra4 63. Bc2+ 1-0

[Event "V Floripa Chess Open 2019"]
[Site "Florianopolis/SC"]
[Date "2019.01.24"]
[Round "6.116"]
[White "Silva, Fernando So Barros "]
[Black "Kikuchi Cadilhac, Mariana Sawae"]
[Result "1-0"]
[WhiteElo "1867"]
[BlackElo "1610"]
[PlyCount "63"]
[EventDate "2019.01.21"]
[EventRounds "10"]
[EventCountry "BRA"]

1. Nf3 d5 2. d4 Nf6 3. c4 c6 4. Nc3 dxc4 5. a4 Bf5 6. Ne5 e6 7. e3 Nbd7 8. Nxc4 Be7 9. Be2 O-O 10. O-O Nb6 11. f3 c5 12. dxc5 Bxc5 13. Kh1 Qc7 14. Nb5 Qe7 15. e4 Bg6 16. Bg5 Nxc4 17. Bxc4 a6 18. Nc3 Rad8 19. Qe2 Qc7 20. Rac1 Be7 21. Ba2 Qb8 22. Be3 Bd6 23. g3 Bc7 24. Kg2 Rd7 25. Rfd1 Rfd8 26. Rxd7 Rxd7 27. b4 Qd8 28. Rc2 Be5 29. Qe1 Bd4 30. Bxd4 Rxd4 31. Ne2 Rd1 32. Qxd1 1-0

[Event "V Floripa Chess Open 2019"]
[Site "Florianopolis/SC"]
[Date "2019.01.24"]
[Round "6.117"]
[White "Bernardes, Roberto Carlos Stru"]
[Black "Felix, Raimundo Nascimento"]
[Result "1-0"]
[WhiteElo "1616"]
[BlackElo "1859"]
[PlyCount "105"]
[EventDate "2019.01.21"]
[EventRounds "10"]
[EventCountry "BRA"]

1. e4 c5 2. Nf3 d6 3. Bb5+ Nd7 4. d4 cxd4 5. Nxd4 Ngf6 6. Nc3 a6 7. Bxd7+ Bxd7 8. Be3 e5 9. Nf3 Be7 10. O-O O-O 11. Re1 Bc6 12. Qd3 b5 13. Nd2 Qc7 14. Nd5 Nxd5 15. exd5 Bd7 16. f4 f5 17. fxe5 dxe5 18. c4 e4 19. Qb3 Kh8 20. Rac1 bxc4 21. Nxc4 Qd8 22. Nb6 Rb8 23. d6 Bf6 24. Rc7 Bb5 25. Qd5 f4 26. Bc5 f3 27. Rxe4 fxg2 28. Kxg2 Bf1+ 29. Kxf1 Bd4+ 30. Ke2 Bxc5 31. Qxc5 Qf6 32. Kd3 Qf1+ 33. Kc3 Rf3+ 34. Re3 Qc1+ 35. Kb4 Qxb2+ 36. Rb3 Rf4+ 37. Ka5 Qxa2+ 38. Ra3 Qe2 39. Rc8+ Rf8 40. Rxf8+ Rxf8 41. d7 Rd8 42. Re3 Qa2+ 43. Qa3 Qf7 44. Qe7 Qa2+ 45. Ra3 Qd2+ 46. Kxa6 Rg8 47. Re3 Qa2+ 48. Kb7 Qg2+ 49. Re4 h6 50. d8=Q Rxd8 51. Qxd8+ Kh7 52. Qd5 Qxh2 53. Qf5+ 1-0

[Event "V Floripa Chess Open 2019"]
[Site "Florianopolis/SC"]
[Date "2019.01.24"]
[Round "6.118"]
[White "Salvadego, Erika Giovana De O."]
[Black "Kanzler, Karina Daniela Ferr"]
[Result "0-1"]
[WhiteElo "1603"]
[BlackElo "1856"]
[PlyCount "104"]
[EventDate "2019.01.21"]
[EventRounds "10"]
[EventCountry "BRA"]

1. d4 Nf6 2. Nf3 b6 3. g3 Bb7 4. Bg2 e6 5. O-O d6 6. b3 Nbd7 7. Bb2 Be7 8. Nbd2 O-O 9. c4 c5 10. e3 Qc7 11. Qe2 Ne4 12. Rac1 Rad8 13. Rfd1 f5 14. h4 Bf6 15. Ba1 Rfe8 16. Nxe4 Bxe4 17. dxc5 dxc5 18. Bxf6 Nxf6 19. Rxd8 Rxd8 20. Ng5 Qc6 21. Nxe4 Nxe4 22. Bxe4 Qxe4 23. Rd1 Qa8 24. Rxd8+ Qxd8 25. Kf1 Qd6 26. Ke1 Qe5 27. Qd2 Qc7 28. Ke2 Kf7 29. Qd3 h6 30. Qd2 g5 31. hxg5 hxg5 32. Qd1 a6 33. a3 b5 34. Qd3 Qc6 35. Kd2 Ke7 36. Qc3 Qd6+ 37. Qd3 b4 38. a4 Qe5 39. f4 gxf4 40. gxf4 Qa1 41. Qc2 Kf6 42. Qd3 Qb2+ 43. Qc2 Qxc2+ 44. Kxc2 e5 45. fxe5+ Kxe5 46. a5 Ke4 47. Kd2 f4 48. exf4 Kxf4 49. Ke2 Ke4 50. Kd2 Kd4 51. Kc2 Ke3 52. Kc1 Kd3 0-1

[Event "V Floripa Chess Open 2019"]
[Site "Florianopolis/SC"]
[Date "2019.01.24"]
[Round "6.119"]
[White "Mesquita, Guilherme"]
[Black "Pereira Fo, Hildebrando Apoloni"]
[Result "1-0"]
[WhiteElo "1850"]
[BlackElo "1595"]
[PlyCount "53"]
[EventDate "2019.01.21"]
[EventRounds "10"]
[EventCountry "BRA"]

1. e4 c5 2. Nf3 d6 3. d4 cxd4 4. Nxd4 Nf6 5. Bd3 g6 6. c4 Bg7 7. Be3 Ng4 8. Qb3 Nxe3 9. fxe3 Nd7 10. Nc3 Nc5 11. Qc2 O-O 12. h4 Bg4 13. h5 Nxd3+ 14. Qxd3 Bxh5 15. Kd2 Qb6 16. Kc2 a6 17. Rh4 Bf6 18. Nd5 Qc5 19. Nxf6+ exf6 20. g4 Bxg4 21. Rxg4 Qh5 22. Rag1 Rac8 23. Kb1 Qe5 24. Nf3 Qc5 25. Qd5 Qxc4 26. Rxg6+ Kh8 27. Rxf6 1-0

[Event "V Floripa Chess Open 2019"]
[Site "Florianopolis/SC"]
[Date "2019.01.24"]
[Round "6.120"]
[White "Dos Santos, Dwlyan Silva"]
[Black "Parreira, Teodora Ribeiro"]
[Result "1/2-1/2"]
[WhiteElo "1846"]
[BlackElo "1593"]
[PlyCount "66"]
[EventDate "2019.01.21"]
[EventRounds "10"]
[EventCountry "BRA"]

1. e4 c5 2. Nf3 g6 3. d4 cxd4 4. Nxd4 Nc6 5. Nc3 Bg7 6. Be3 Nf6 7. Bc4 O-O 8. Bb3 d6 9. f3 Bd7 10. Qd2 a6 11. O-O-O b5 12. Nxc6 Bxc6 13. Bh6 b4 14. Nd5 Bxd5 15. Bxd5 Rb8 16. h4 a5 17. h5 Nxh5 18. Rxh5 Bh8 19. Bxf8 Qxf8 20. Rh3 Qg7 21. c3 bxc3 22. bxc3 a4 23. Rdh1 h5 24. a3 e6 25. Ba2 Qe5 26. f4 Qxe4 27. g4 Rc8 28. R1h2 d5 29. gxh5 d4 30. c4 Bg7 31. hxg6 fxg6 32. Kd1 Rf8 33. Qe2 Qf5 1/2-1/2

[Event "V Floripa Chess Open 2019"]
[Site "Florianopolis/SC"]
[Date "2019.01.24"]
[Round "6.121"]
[White "Germano, Paulo Roberto"]
[Black "Salvadego, Matheus Henrique De"]
[Result "0-1"]
[WhiteElo "1566"]
[BlackElo "1844"]
[PlyCount "128"]
[EventDate "2019.01.21"]
[EventRounds "10"]
[EventCountry "BRA"]

1. e4 c5 2. e5 Nc6 3. f4 d6 4. Bb5 dxe5 5. fxe5 g6 6. Nf3 Bg7 7. Bxc6+ bxc6 8. O-O Ba6 9. d3 h6 10. Qe2 e6 11. Nc3 Ne7 12. Ne4 O-O 13. Nxc5 Qb6 14. Be3 Nf5 15. Bf2 Qa5 16. b4 Qb6 17. Nd7 Qxb4 18. Bc5 Qb7 19. Nxf8 Bxf8 20. Bxf8 Rxf8 21. Rab1 Qe7 22. Qf2 c5 23. g4 Ng7 24. Qh4 Qxh4 25. Nxh4 c4 26. d4 g5 27. Ng2 Rd8 28. c3 Ne8 29. Rb4 Nc7 30. Ne3 Kg7 31. Nxc4 Nd5 32. Ra4 Bxc4 33. Rxc4 Ne3 34. Rc7 Nxf1 35. Kxf1 a5 36. a4 Rb8 37. Rc5 Rb1+ 38. Kg2 Rb2+ 39. Kg3 Rb3 40. Rc7 Kg6 41. Rc6 Kg7 42. Rc7 Ra3 43. Rc4 Kg6 44. h3 Ra2 45. Kf3 Kg7 46. Kg3 Kf8 47. Kf3 Ke7 48. Rc7+ Ke8 49. Rc8+ Ke7 50. Rc7+ Kf8 51. Rc4 Kg7 52. Kg3 Kg6 53. Kf3 h5 54. gxh5+ Kxh5 55. Kg3 Ra3 56. Rc7 Rxa4 57. Rxf7 Rc4 58. Rf3 a4 59. Rd3 a3 60. d5 a2 61. Rd1 Rxc3+ 62. Kg2 exd5 63. Re1 Re3 64. Ra1 Ra3 0-1

[Event "V Floripa Chess Open 2019"]
[Site "Florianopolis/SC"]
[Date "2019.01.24"]
[Round "6.122"]
[White "Andrade, Leo Pasqualini De"]
[Black "Sato, Claudio Takeshi"]
[Result "1/2-1/2"]
[WhiteElo "1828"]
[BlackElo "1560"]
[PlyCount "72"]
[EventDate "2019.01.21"]
[EventRounds "10"]
[EventCountry "BRA"]

1. d4 Nf6 2. Nc3 e6 3. e4 Bb4 4. Bd3 b6 5. Nge2 Bb7 6. O-O O-O 7. Bg5 h6 8. Bh4 Be7 9. f3 c5 10. Bf2 d6 11. Qd2 Nc6 12. Nd1 Nb4 13. c3 Nxd3 14. Qxd3 Qc8 15. Ne3 Ba6 16. Qd2 Qc7 17. Rfe1 Rad8 18. d5 exd5 19. exd5 Bxe2 20. Rxe2 Nh5 21. g3 Qd7 22. Rae1 Rde8 23. Qd3 f5 24. Nxf5 Rxf5 25. Rxe7 Rxe7 26. Rxe7 Qxe7 27. Qxf5 Nf6 28. g4 Qe2 29. Bg3 Qd1+ 30. Kg2 Nxd5 31. Qe6+ Kh7 32. Bxd6 Qd2+ 33. Kg3 Ne3 34. Qe4+ Kh8 35. Qe8+ Kh7 36. Qe4+ Kh8 1/2-1/2

[Event "V Floripa Chess Open 2019"]
[Site "Florianopolis/SC"]
[Date "2019.01.24"]
[Round "6.123"]
[White "Laperuta, Renan Portes"]
[Black "Ferreira, Rodrigo Maycon Mira"]
[Result "1/2-1/2"]
[WhiteElo "1566"]
[BlackElo "1813"]
[PlyCount "42"]
[EventDate "2019.01.21"]
[EventRounds "10"]
[EventCountry "BRA"]

1. e4 c5 2. Nf3 Nc6 3. d4 cxd4 4. Nxd4 Qb6 5. Nb3 Nf6 6. Nc3 e6 7. Be3 Qc7 8. a3 Be7 9. f4 d6 10. Bd3 a6 11. O-O b5 12. Nd4 Bb7 13. h3 Na5 14. Nde2 Nc4 15. Qc1 Nxe3 16. Qxe3 d5 17. Qf3 O-O 18. e5 Nd7 19. Qh5 g6 20. Qg4 Qb6+ 21. Kh2 f6 1/2-1/2

[Event "V Floripa Chess Open 2019"]
[Site "Florianopolis/SC"]
[Date "2019.01.24"]
[Round "6.124"]
[White "Bitencourt, Evandro Jose Dos S"]
[Black "Gomes, Carlos"]
[Result "1-0"]
[WhiteElo "1812"]
[BlackElo "1562"]
[PlyCount "111"]
[EventDate "2019.01.21"]
[EventRounds "10"]
[EventCountry "BRA"]

1. d4 Nf6 2. c4 e6 3. Nf3 d5 4. g3 b6 5. Bg2 Bb7 6. O-O Be7 7. Nc3 O-O 8. Ne5 c6 9. Bf4 Nh5 10. cxd5 exd5 11. e3 Nxf4 12. gxf4 f6 13. Nf3 Qd7 14. Kh1 Kh8 15. Ng1 Bd6 16. Bh3 Qf7 17. f5 Bc8 18. Qf3 Na6 19. Nge2 Bd7 20. Rg1 Rg8 21. Rg2 Rad8 22. Rag1 g6 23. fxg6 Rxg6 24. Bxd7 Rxg2 25. Rxg2 Rxd7 26. Nf4 Bxf4 27. Qxf4 Nc7 28. Ne2 Ne6 29. Qh4 Rd8 30. Nf4 Nxf4 31. Qxf4 Rg8 32. Rxg8+ Kxg8 33. Qg4+ Qg6 34. f3 Qxg4 35. fxg4 h5 36. gxh5 Kg7 37. Kg2 Kh6 38. Kf3 Kxh5 39. e4 dxe4+ 40. Kxe4 Kg4 41. b4 f5+ 42. Ke3 f4+ 43. Ke4 a6 44. a4 b5 45. a5 f3 46. Ke3 f2 47. Kxf2 Kh5 48. h4 Kg4 49. h5 Kxh5 50. Ke3 Kg5 51. Ke4 Kh5 52. Ke5 Kg5 53. Kd6 Kf6 54. Kxc6 Ke7 55. d5 Kd8 56. Kd6 1-0

[Event "V Floripa Chess Open 2019"]
[Site "Florianopolis/SC"]
[Date "2019.01.24"]
[Round "6.125"]
[White "Sosa, Alexandro Brum"]
[Black "Machado, Luiz Fernando"]
[Result "1-0"]
[WhiteElo "1807"]
[BlackElo "1446"]
[PlyCount "67"]
[EventDate "2019.01.21"]
[EventRounds "10"]
[EventCountry "BRA"]

1. c4 Nf6 2. g3 e5 3. Bg2 d5 4. cxd5 Nxd5 5. Nc3 Nxc3 6. bxc3 Qd7 7. Nf3 Nc6 8. d3 f6 9. O-O b6 10. d4 exd4 11. cxd4 Bb7 12. e4 O-O-O 13. d5 Ne5 14. Nxe5 fxe5 15. Qh5 Qd6 16. Bb2 g6 17. Qxe5 Qxe5 18. Bxe5 Rg8 19. Bh3+ Kb8 20. Be6 Bg7 21. f4 Bxe5 22. fxe5 Rgf8 23. Rf6 Ba6 24. Kf2 Bc8 25. Bxc8 Kxc8 26. Ke3 Kd7 27. g4 Rxf6 28. exf6 Rf8 29. e5 c6 30. dxc6+ Kxc6 31. Rd1 a5 32. g5 Re8 33. Ke4 b5 34. f7 1-0

[Event "V Floripa Chess Open 2019"]
[Site "Florianopolis/SC"]
[Date "2019.01.24"]
[Round "6.126"]
[White "Rodrigues Mota, Romulo Cardoso S"]
[Black "Campagnolo, Fabiola"]
[Result "1-0"]
[WhiteElo "1494"]
[BlackElo "1797"]
[PlyCount "77"]
[EventDate "2019.01.21"]
[EventRounds "10"]
[EventCountry "BRA"]

1. e4 d5 2. exd5 Nf6 3. c4 c6 4. dxc6 Nxc6 5. Nc3 e5 6. d3 Bf5 7. Nf3 Qd7 8. Bg5 O-O-O 9. Bxf6 gxf6 10. Nd5 e4 11. Nh4 exd3 12. Nxf5 Qxf5 13. Bxd3 Re8+ 14. Ne3 Bb4+ 15. Kf1 Qe5 16. Qg4+ Kb8 17. Qg3 Rd8 18. Nd5 Qxg3 19. hxg3 Bc5 20. Rd1 Nb4 21. Rxh7 Rxh7 22. Bxh7 Nxd5 23. Rxd5 Rxd5 24. cxd5 Kc7 25. Bg8 Bd4 26. b3 Kd6 27. Bxf7 Kc5 28. Ke2 Be5 29. Kd3 Kb4 30. f4 Bd6 31. Ke4 Ka3 32. Kf5 Kxa2 33. Ke6 Bb8 34. Ke7 Kxb3 35. d6+ Kc2 36. d7 Bc7 37. d8=Q Bxd8+ 38. Kxd8 b5 39. Kc7 1-0

[Event "V Floripa Chess Open 2019"]
[Site "Florianopolis/SC"]
[Date "2019.01.24"]
[Round "6.127"]
[White "Gallardo Rojel, Alejandro"]
[Black "Flores, Clarice Soares Leit"]
[Result "1/2-1/2"]
[WhiteElo "1793"]
[BlackElo "1406"]
[PlyCount "61"]
[EventDate "2019.01.21"]
[EventRounds "10"]
[EventCountry "BRA"]

1. c4 c5 2. Nc3 g6 3. Nf3 Nc6 4. d4 cxd4 5. Nxd4 Bg7 6. Nxc6 bxc6 7. g3 Nf6 8. Bg2 Ba6 9. Qa4 Qb6 10. O-O Bc8 11. Rb1 Qa6 12. Qxa6 Bxa6 13. b3 O-O 14. Ne4 Nxe4 15. Bxe4 Rfe8 16. Bd3 d5 17. Ba3 e6 18. Rfd1 Rac8 19. Bc5 Ra8 20. cxd5 Bxd3 21. Rxd3 cxd5 22. b4 Rec8 23. Rbd1 a5 24. a3 axb4 25. axb4 Ra4 26. e4 d4 27. Bxd4 Rxb4 28. Bxg7 Kxg7 29. Rd4 Rcc4 30. Rxc4 Rxc4 31. Re1 1/2-1/2

[Event "V Floripa Chess Open 2019"]
[Site "Florianopolis/SC"]
[Date "2019.01.24"]
[Round "6.128"]
[White "Aguiar, Arthur Vinicius De "]
[Black "Goncalves, Luiz Osvaldo Cifuen"]
[Result "0-1"]
[WhiteElo "1377"]
[BlackElo "1788"]
[PlyCount "126"]
[EventDate "2019.01.21"]
[EventRounds "10"]
[EventCountry "BRA"]

1. e4 c5 2. Nf3 e6 3. d4 cxd4 4. Nxd4 a6 5. g4 Nc6 6. Nc3 Qc7 7. Be3 b5 8. Bg2 Bb7 9. Qe2 Bb4 10. a3 Bxc3+ 11. bxc3 Ne5 12. Bd2 Nc4 13. a4 bxa4 14. Rxa4 Rc8 15. Rb4 Nf6 16. g5 Nxe4 17. Bxe4 Bxe4 18. Rxc4 Qxc4 19. Qxe4 O-O 20. Qd3 Qd5 21. Nf3 Qc6 22. O-O f6 23. Ra1 Ra8 24. Ra5 e5 25. Qd5+ Qxd5 26. Rxd5 Rf7 27. gxf6 gxf6 28. c4 Rc8 29. c5 Rg7+ 30. Kf1 Rc7 31. Ba5 Rc6 32. h3 Kf8 33. Nh4 Ke8 34. Ng2 Ke7 35. Bb6 Rg5 36. Rd3 f5 37. Re3 Re6 38. Rg3 Reg6 39. Rxg5 Rxg5 40. Bc7 Rh5 41. h4 f4 42. Bd6+ Ke6 43. Ke2 Kd5 44. f3 Kc4 45. Kd2 a5 46. Be7 a4 47. Bd6 Kd5 48. Kd3 Rh6 49. c4+ Ke6 50. Ke4 Rh5 51. Kd3 Kf5 52. Kd2 Rh6 53. Kd3 Rg6 54. Ne1 Rg8 55. Nc2 Rg2 56. Be7 Rh2 57. Na3 Rf2 58. Nb5 Rxf3+ 59. Ke2 Re3+ 60. Kf2 Ke6 61. Bd8 a3 62. Nxa3 Rxa3 63. Bc7 Rc3 0-1

[Event "V Floripa Chess Open 2019"]
[Site "Florianopolis/SC"]
[Date "2019.01.24"]
[Round "6.129"]
[White "Reis, Virginia Lagrange M"]
[Black "Amaral, Danilo Tokechi"]
[Result "1/2-1/2"]
[WhiteElo "1788"]
[BlackElo "1360"]
[PlyCount "51"]
[EventDate "2019.01.21"]
[EventRounds "10"]
[EventCountry "BRA"]

1. e4 c5 2. Nf3 d6 3. d4 cxd4 4. Nxd4 Nf6 5. f3 e5 6. Bb5+ Nbd7 7. Nf5 d5 8. exd5 a6 9. Bxd7+ Qxd7 10. Ne3 b5 11. a3 Bb7 12. Nc3 Bc5 13. Ne4 Nxe4 14. fxe4 O-O 15. Qg4 Qxg4 16. Nxg4 f5 17. Nxe5 fxe4 18. Nd7 Bf2+ 19. Ke2 Rfd8 20. Kxf2 Rxd7 21. Be3 Rxd5 22. Rhd1 Rad8 23. Rxd5 Rxd5 24. Ke2 Kf7 25. Rf1+ Ke7 26. Rf4 1/2-1/2

[Event "V Floripa Chess Open 2019"]
[Site "Florianopolis/SC"]
[Date "2019.01.24"]
[Round "6.130"]
[White "Gomes, Carlos Henrique Cal"]
[Black "Morgado, Leandro Batista"]
[Result "0-1"]
[WhiteElo "1783"]
[BlackElo "1851"]
[PlyCount "52"]
[EventDate "2019.01.21"]
[EventRounds "10"]
[EventCountry "BRA"]

1. d4 d5 2. c4 e6 3. Nc3 f5 4. Nf3 Nf6 5. Bg5 c6 6. cxd5 exd5 7. e3 Bd6 8. Bd3 O-O 9. O-O Qe8 10. Nd2 Ne4 11. Ndxe4 fxe4 12. Be2 Nd7 13. Bh5 g6 14. Bg4 Nf6 15. Bxc8 Rxc8 16. Rc1 Qe6 17. Ne2 Nh5 18. Ng3 Nxg3 19. hxg3 Rf7 20. Qe2 Kg7 21. Bf4 Rcf8 22. f3 exf3 23. Rxf3 Bxf4 24. gxf4 Rxf4 25. Qf2 Rxf3 26. gxf3 Qh3 0-1

[Event "V Floripa Chess Open 2019"]
[Site "Florianopolis/SC"]
[Date "2019.01.24"]
[Round "6.131"]
[White "Brandao, Murilo Tavares"]
[Black "Minelli, Fausto"]
[Result "0-1"]
[WhiteElo "1341"]
[BlackElo "1781"]
[PlyCount "87"]
[EventDate "2019.01.21"]
[EventRounds "10"]
[EventCountry "BRA"]

1. Nf3 d5 2. c4 e6 3. g3 Nf6 4. Bg2 g6 5. O-O Bg7 6. d4 O-O 7. Nc3 c6 8. cxd5 exd5 9. Bg5 Nbd7 10. Qd2 Qb6 11. Bxf6 Nxf6 12. e3 Bf5 13. Na4 Qc7 14. b4 Ne4 15. Qb2 a6 16. Nc3 Rfe8 17. Rac1 Qd6 18. a4 b5 19. Nxe4 Bxe4 20. a5 Rac8 21. Nd2 Bd3 22. Rfe1 f5 23. Bf1 Bc4 24. Rc3 Bxd4 25. Nxc4 bxc4 26. Qd2 Bxc3 27. Qxc3 Rb8 28. Rd1 Qxb4 29. Qf6 Qc5 30. h4 Rb7 31. h5 Rf7 32. Qg5 Rg7 33. hxg6 hxg6 34. Qf4 Qb4 35. Be2 Qb7 36. Kg2 Qc8 37. Rh1 Qe6 38. Qg5 Rh7 39. Kf1 Kg7 40. Bf3 Qf6 41. Qf4 Qe5 42. Qg5 Qb2 43. Ke1 Rxh1+ 44. Bxh1 0-1

[Event "V Floripa Chess Open 2019"]
[Site "Florianopolis/SC"]
[Date "2019.01.24"]
[Round "6.132"]
[White "Assis, Washington Luis Lin"]
[Black "Ferraz, Joao Vitor Koenig"]
[Result "1-0"]
[WhiteElo "1775"]
[BlackElo "1711"]
[PlyCount "44"]
[EventDate "2019.01.21"]
[EventRounds "10"]
[EventCountry "BRA"]

1. c4 e5 2. Nc3 Nf6 3. g3 Bc5 4. Bg2 O-O 5. e3 Re8 6. Nge2 Nc6 7. a3 a5 8. Qc2 d6 9. Ne4 Bf5 10. N2c3 Nb8 11. Nxf6+ Qxf6 12. d3 g6 13. Ne4 Bxe4 14. Bxe4 Nd7 15. Qe2 Nb6 16. O-O d5 17. cxd5 Nxd5 18. Bg2 Rac8 19. Bd2 a4 20. Ba5 Qd6 21. Bxd5 Qxd5 22. Rac1 Re6 1-0

[Event "V Floripa Chess Open 2019"]
[Site "Florianopolis/SC"]
[Date "2019.01.24"]
[Round "6.133"]
[White "De Oliveira, Marlon Joshua"]
[Black "Marques Junior, Marcos Antonio"]
[Result "1-0"]
[WhiteElo "1800"]
[BlackElo "1773"]
[PlyCount "105"]
[EventDate "2019.01.21"]
[EventRounds "10"]
[EventCountry "BRA"]

1. d4 Nf6 2. Bf4 d5 3. Nf3 c5 4. c3 Nc6 5. e3 Qb6 6. b3 Bg4 7. Be2 e6 8. Nbd2 Be7 9. O-O O-O 10. h3 Bh5 11. Ne5 Bxe2 12. Qxe2 Rfd8 13. Rfd1 a5 14. a4 Rac8 15. Qb5 Qxb5 16. axb5 Nxe5 17. dxe5 Nh5 18. Rxa5 Nxf4 19. exf4 c4 20. Ra7 cxb3 21. Rxb7 Kf8 22. Nxb3 Rxc3 23. Nd4 Bc5 24. Nc6 Ra8 25. Rd2 g6 26. Kh2 h5 27. Nb8 Kg7 28. Na6 Ba3 29. Nc7 Ra4 30. Nxe6+ Kg8 31. Rb8+ Kh7 32. Ng5+ Kg7 33. g3 Be7 34. h4 Ra1 35. Rb7 Bxg5 36. hxg5 d4 37. e6 d3 38. e7 Re1 39. Rd7 Rb3 40. R7xd3 Rxd3 41. Rxd3 Rxe7 42. Rb3 Kf8 43. g4 hxg4 44. Kg3 Rb7 45. Kxg4 Ke8 46. f5 Kd8 47. fxg6 fxg6 48. f4 Rf7 49. b6 Kc8 50. Rb5 Kb7 51. f5 gxf5+ 52. Rxf5 Rd7 53. Rf6 1-0

[Event "V Floripa Chess Open 2019"]
[Site "Florianopolis/SC"]
[Date "2019.01.24"]
[Round "6.135"]
[White "Mariot Vaz, Joao Antonio Bertol"]
[Black "Lunelli, Neuri Antonio"]
[Result "1/2-1/2"]
[WhiteElo "1326"]
[BlackElo "1767"]
[PlyCount "65"]
[EventDate "2019.01.21"]
[EventRounds "10"]
[EventCountry "BRA"]

1. e4 c6 2. d4 d5 3. Nc3 dxe4 4. Nxe4 Nf6 5. Ng3 c5 6. Nf3 Nc6 7. Bb5 Qa5+ 8. c3 Qxb5 9. d5 Nb8 10. b3 c4 11. d6 exd6 12. O-O Qd5 13. Nd4 Nc6 14. bxc4 Qxc4 15. Re1+ Be7 16. Ba3 Nxd4 17. cxd4 Be6 18. Rc1 Qb5 19. f4 g6 20. Qf3 Qd5 21. Qd3 O-O 22. f5 gxf5 23. Qe3 Ne4 24. Nh5 Bg5 25. Nf4 Bxf4 26. Qxf4 Qxd4+ 27. Re3 Rac8 28. Rce1 Rc2 29. h3 Rfc8 30. Kh2 Rf2 31. Qh4 Rcc2 32. Rg3+ Nxg3 33. Qd8+ 1/2-1/2

[Event "V Floripa Chess Open 2019"]
[Site "Florianopolis/SC"]
[Date "2019.01.24"]
[Round "6.136"]
[White "Guimaraes, Wagner Peixoto"]
[Black "De Oliveira, Luca Manoel"]
[Result "1-0"]
[WhiteElo "2240"]
[BlackElo "1593"]
[PlyCount "45"]
[EventDate "2019.01.21"]
[EventRounds "10"]
[EventCountry "BRA"]

1. e4 e5 2. Nf3 Nf6 3. d4 Nxe4 4. dxe5 d5 5. Nbd2 Bb4 6. c3 Nxd2 7. Bxd2 Be7 8. h3 Bf5 9. Qb3 b6 10. Nd4 Be6 11. Bb5+ Kf8 12. O-O c5 13. Nxe6+ fxe6 14. Qd1 Bg5 15. f4 Bh6 16. f5 Bxd2 17. fxe6+ Ke7 18. Qxd2 h6 19. Rf7+ Kxe6 20. Raf1 Rg8 21. Qf2 Qg5 22. Rb7 Qg6 23. Bd3 1-0

[Event "V Floripa Chess Open 2019"]
[Site "Florianopolis/SC"]
[Date "2019.01.24"]
[Round "6.137"]
[White "Romais, Rodrigo"]
[Black "Deus Filho, Joaquim De"]
[Result "0-1"]
[WhiteElo "1591"]
[BlackElo "1936"]
[PlyCount "62"]
[EventDate "2019.01.21"]
[EventRounds "10"]
[EventCountry "BRA"]

1. e4 c5 2. Nf3 e6 3. d4 cxd4 4. Nxd4 Nf6 5. Nc3 a6 6. a3 d5 7. e5 Nfd7 8. Nf3 Qc7 9. Qe2 Nc6 10. g3 Ndxe5 11. Nxe5 Qxe5 12. Qxe5 Nxe5 13. Bf4 Nf3+ 14. Ke2 Nd4+ 15. Kd2 Be7 16. Bg2 O-O 17. Rad1 Bd7 18. Kc1 Nf5 19. Bh3 g6 20. Bxf5 gxf5 21. Bh6 Rfc8 22. Ne2 Bf6 23. Kb1 Rc7 24. Rd2 Rac8 25. h4 b5 26. f4 Rc4 27. c3 a5 28. h5 b4 29. axb4 axb4 30. cxb4 Rxb4 31. Rh2 Bb5 0-1

[Event "V Floripa Chess Open 2019"]
[Site "Florianopolis/SC"]
[Date "2019.01.24"]
[Round "6.138"]
[White "Juliano, Joao Carlos Mazzini"]
[Black "Caporale, Giuseppe Guido"]
[Result "1-0"]
[WhiteElo "1924"]
[BlackElo "1592"]
[PlyCount "103"]
[EventDate "2019.01.21"]
[EventRounds "10"]
[EventCountry "BRA"]

1. d4 Nf6 2. Nf3 c5 3. d5 e6 4. Nc3 b6 5. e4 Bb7 6. Bf4 a6 7. a4 d6 8. dxe6 fxe6 9. e5 Nd5 10. Nxd5 exd5 11. exd6 Bxd6 12. Qe2+ Be7 13. Ng5 Bc8 14. O-O-O O-O 15. Ne6 Bxe6 16. Qxe6+ Kh8 17. Rxd5 Qe8 18. g3 Rf6 19. Qe4 Nc6 20. Bd3 Qg8 21. Rd7 Re6 22. Qf5 Rf8 23. Qh3 Nd4 24. Rxd4 cxd4 25. Bxh7 Qxh7 26. Qxe6 Bc5 27. Qd7 Qe4 28. Qh3+ Kg8 29. Qf1 Qc6 30. Qc4+ Kh8 31. Re1 Qg2 32. Qf1 Qxh2 33. Qh1 Qxh1 34. Rxh1+ Kg8 35. Rf1 Kf7 36. Kd2 Kf6 37. Kd3 Kf5 38. Re1 Kg4 39. Re6 Kf3 40. Rg6 Rf7 41. Be5 Kxf2 42. Rxg7 Rf3+ 43. Kc4 Ke3 44. a5 Kd2 45. Bxd4 Bxd4 46. Kxd4 Kxc2 47. axb6 Kxb2 48. Kc5 a5 49. Kc6 a4 50. Kc7 Rd3 51. Kc8 Kb3 52. Kb8 1-0

[Event "V Floripa Chess Open 2019"]
[Site "Florianopolis/SC"]
[Date "2019.01.24"]
[Round "6.139"]
[White "Quaresma, Givanildo Ribeiro"]
[Black "Souza, Rodrigo Vilas Boas "]
[Result "0-1"]
[WhiteElo "1586"]
[BlackElo "1924"]
[PlyCount "74"]
[EventDate "2019.01.21"]
[EventRounds "10"]
[EventCountry "BRA"]

1. e4 d6 2. d4 Nf6 3. Nc3 g6 4. Bc4 a6 5. h3 b5 6. Bb3 Nbd7 7. Nf3 c5 8. dxc5 Nxc5 9. e5 Nxb3 10. axb3 b4 11. exf6 bxc3 12. O-O e5 13. bxc3 Bb7 14. Bg5 h6 15. Bh4 g5 16. Bg3 Qxf6 17. Re1 Be7 18. c4 O-O 19. Nh2 Qg6 20. Ng4 f5 21. Ne3 Rae8 22. Nd5 f4 23. Nxe7+ Rxe7 24. Bh2 h5 25. Qd3 e4 26. Qd4 g4 27. hxg4 Qxg4 28. Bxf4 Rxf4 29. Re3 h4 30. Qxd6 Rg7 31. g3 Rf3 32. Rxf3 exf3 33. Kh2 hxg3+ 34. fxg3 Rh7+ 35. Kg1 f2+ 36. Kxf2 Qf3+ 37. Ke1 Rh1+ 0-1